Actores y ambientalismos: conflictos socio-ambientales en Perú = Actors and environmentalism : socio-environmental conflicts in Peru /
El artículo busca comprender el sentido y los usos que se le han dado a la palabra 'conflicto' dentro de las discusiones sobre minería en Perú. Además de ello, identifica los tipos de ambientalismo presentes para abarcar dicho conflicto: el conservacionista, el nacionalista-populista, el d...
Gespeichert in:
| 1. Verfasser: | |
|---|---|
| Weitere Verfasser: | |
| Format: | Text |
| Schlagworte: | |
| Tags: |
Tag hinzufügen
Keine Tags, Fügen Sie den ersten Tag hinzu!
|
MARC
| LEADER | 00000 a a2200000 04500 | ||
|---|---|---|---|
| 001 | 42339 | ||
| 003 | |||
| 040 | |||
| 100 | |a Bebbington, Anthony | ||
| 245 | |a Actores y ambientalismos: conflictos socio-ambientales en Perú = |b Actors and environmentalism : socio-environmental conflicts in Peru / |c Anthony Bebbington ; Denise Humphreys Bebbington | ||
| 500 | |a tony.bebbington@manchester.ac.uk | ||
| 520 | |a El artículo busca comprender el sentido y los usos que se le han dado a la palabra 'conflicto' dentro de las discusiones sobre minería en Perú. Además de ello, identifica los tipos de ambientalismo presentes para abarcar dicho conflicto: el conservacionista, el nacionalista-populista, el de defensa de las formas de vida, el de justicia socio-ambiental y el ecologismo profundo. Se afirma que existen diferentes salidas a para los conflictos mencionados, la compensación en unos casos o el debate público que fortalecería la democracia, en otros. Se menciona además que este tipo de conflictos pueden suscitar una respuesta estatal y empresarial. Por lo que se propone, finalmente, a los conflictos no como problemas sino como motores que impulsan hacia procesos de transformación. | ||
| 590 | |a KSR/MAYO2012 | ||
| 650 | |a CONFLICTOS | ||
| 650 | |2 Macrothesaurus de la OCDE/ | ||
| 650 | |a AMBIENTALISMOS | ||
| 650 | |a MINERIA | ||
| 650 | |a INSTITUCIONES | ||
| 650 | |a CAMBIO ORGANIZACIONAL | ||
| 650 | |a PERU | ||
| 700 | |a Humphreys Bebbington, Denise | ||
| 773 | |g número35 (2009), páginas 117-128 | ||
| 999 | |c 39996 |d 39996 | ||
